Denver Broncos Starting Quarterbacks of Super Bowl Era - Statistics

General Stats
  • This quiz has been taken 274 times
    86 since last reset
  • The average score is 21 of 52
Answer Stats
Answer % Correct
John Elway
98%
Peyton Manning
98%
Bo Nix
97%
Russell Wilson
93%
Drew Lock
83%
Tim Tebow
80%
Jay Cutler
78%
Brock Osweiler
77%
Case Keenum
77%
Teddy Bridgewater
77%
Jake Plummer
75%
Joe Flacco
75%
Kyle Orton
73%
Paxton Lynch
72%
Trevor Siemian
72%
Jarrett Stidham
68%
Brian Griese
58%
Craig Morton
55%
Brett Rypien
53%
Charley Johnson
52%
Gary Kubiak
47%
Jeff Driskel
42%
Brandon Allen
37%
Jarious Jackson
35%
Chris Simms
33%
Stev DeBerg
32%
Bubby Brister
30%
Steve Beuerlein
30%
Gus Frerotte
28%
Phillip Lindsay
28%
Tommy Maddox
28%
Steve Tensi
22%
Marlin Briscoe
18%
Matt Robinson
17%
Steve Ramsey
17%
Chris Miller
15%
Danny Kanell
15%
Pete Liske
15%
Don Horn
12%
John McCormick
12%
Hugh Millen
10%
Jim LeClair
10%
Max Choboian
10%
Mickey Slaughter
10%
Craig Penrose
8%
Mark Herrmann
8%
Norris Weese
8%
Bill Musgrave
7%
John Hufnagel
7%
Chuck Pastrana
5%
Ken Karcher
5%
Scotty Glacken
5%
No matching quizzes found
Score Distribution
Percent of People with Each Score
Percentile by Number Answered
Your Score History
You have not taken this quiz since the last reset